[Event "London Classic op 8th"]
[Site "London"]
[Date "2016.12.10"]
[Round "2"]
[White "Flom, Gabriel"]
[Black "Karayiannis, Costas"]
[Result "1-0"]
[WhiteElo "2426"]
[BlackElo "2159"]
[PlyCount "107"]
[EventDate "2016.12.09"]
[EventType "swiss"]
[EventRounds "9"]
[EventCountry "ENG"]
[SourceTitle "CBM 176 Extra"]
[Source "ChessBase"]
[SourceDate "2017.03.02"]
[SourceVersion "1"]
[SourceVersionDate "2017.03.02"]
[SourceQuality "1"]

1. d4 Nf6 2. c4 e6 3. Nc3 Bb4 4. f3 d5 5. a3 Bxc3+ 6. bxc3 c6 7. e3 0-0 8. Bd3 b6 9. cxd5 cxd5 10. Qe2 Bb7 11. Nh3 Qc8 12. Bd2 Ba6 13. Nf4 Bxd3 14. Nxd3 Qa6 15. e4 Qc4 16. 0-0 Nc6 17. e5 Nd7 18. f4 Rae8 19. Rae1 f5 20. exf6 Nxf6 21. Qe3 Ne4 22. Nf2 Nd6 23. Qh3 Rf6 24. g4 Qa2 25. Bc1 Qc2 26. Qf3 Qg6 27. Kh1 Qf7 28. Re2 g5 29. Rfe1 gxf4 30. g5 Rf5 31. Ng4 Kh8 32. Nh6 Qg6 33. Nxf5 Nxf5 34. Bxf4 Kg8 35. Be5 Nxe5 36. Rxe5 Nd6 37. Rf1 Ne4 38. Qe3 Rf8 39. Rxf8+ Kxf8 40. Qf3+ Ke7 41. h4 h5 42. c4 Nd2 43. Qf6+ Qxf6 44. gxf6+ Kxf6 45. cxd5 exd5 46. Rxd5 Nf3 47. Kg2 Nxh4+ 48. Kg3 Nf5+ 49. Kf4 Ne7 50. Rxh5 Ke6 51. Ke4 Nc8 52. d5+ Kd6 53. Rh6+ Kc5 54. Rc6+ 1-0

[Event "London Classic op 8th"]
[Site "London"]
[Date "2016.12.10"]
[Round "3"]
[White "Karayiannis, Costas"]
[Black "Newton, Andrew"]
[Result "1-0"]
[WhiteElo "2159"]
[BlackElo "1887"]
[PlyCount "125"]
[EventDate "2016.12.09"]
[EventType "swiss"]
[EventRounds "9"]
[EventCountry "ENG"]
[SourceTitle "CBM 176 Extra"]
[Source "ChessBase"]
[SourceDate "2017.03.02"]
[SourceVersion "1"]
[SourceVersionDate "2017.03.02"]
[SourceQuality "1"]

1. d4 d5 2. c4 c6 3. Nf3 Nf6 4. Nc3 e6 5. e3 Nbd7 6. Qc2 Bd6 7. Bd3 dxc4 8. Bxc4 b5 9. Be2 Bb7 10. 0-0 0-0 11. Rd1 Qc7 12. a3 a6 13. b4 a5 14. Bd2 axb4 15. axb4 e5 16. Bd3 exd4 17. exd4 Rxa1 18. Rxa1 Re8 19. Qb1 Nb6 20. Bg5 Nbd5 21. Nxd5 Nxd5 22. Bxh7+ Kh8 23. Bd2 Bxb4 24. Bxb4 Nxb4 25. Qxb4 Kxh7 26. Qc5 g6 27. h3 Qe7 28. Qb6 Ra8 29. Re1 Ra6 30. Qxa6 Qxe1+ 31. Nxe1 Bxa6 32. Nc2 Kg7 33. Nb4 Bb7 34. f4 f5 35. Kf2 Kf6 36. Ke3 Ke6 37. g3 Kf6 38. Nd3 Bc8 39. Ne5 Bb7 40. Kd3 g5 41. Kc3 gxf4 42. gxf4 Kg7 43. Kb4 Kh6 44. Nf7+ Kg6 45. Nd6 Ba8 46. Kc5 Kf6 47. Ne8+ Kg6 48. Nc7 Bb7 49. Ne6 Kf6 50. Kd6 b4 51. Nc5 Kg6 52. Kc7 Ba6 53. Kxc6 Bc4 54. d5 b3 55. Na4 Kf6 56. Nb2 Ba6 57. d6 Ke6 58. h4 Bb5+ 59. Kxb5 Kxd6 60. Kc4 Ke6 61. Kxb3 Kf6 62. Kc4 Kg6 63. Kd4 1-0

[Event "London Classic op 8th"]
[Site "London"]
[Date "2016.12.09"]
[Round "1"]
[White "Karayiannis, Costas"]
[Black "Barasi, Paul Dl"]
[Result "1-0"]
[WhiteElo "2159"]
[BlackElo "1770"]
[PlyCount "61"]
[EventDate "2016.12.09"]
[EventType "swiss"]
[EventRounds "9"]
[EventCountry "ENG"]
[SourceTitle "CBM 176 Extra"]
[Source "ChessBase"]
[SourceDate "2017.03.02"]
[SourceVersion "1"]
[SourceVersionDate "2017.03.02"]
[SourceQuality "1"]

1. d4 d5 2. c4 Nc6 3. Nc3 dxc4 4. Nf3 Nf6 5. Bg5 Nd5 6. e4 Nxc3 7. bxc3 Na5 8. Bxc4 Nxc4 9. Qa4+ c6 10. Qxc4 Be6 11. Qd3 Qa5 12. 0-0 b5 13. Rfb1 Bc4 14. Qc2 f6 15. Be3 Qc7 16. a4 a6 17. Nd2 e6 18. Nxc4 bxc4 19. Qe2 Bd6 20. h3 0-0 21. Qxc4 Rfe8 22. Rb3 a5 23. Rab1 Kh8 24. Qd3 c5 25. Rb7 Qc8 26. Qb5 cxd4 27. cxd4 e5 28. d5 Qc2 29. Qd7 Be7 30. d6 Bf8 31. Bh6 1-0

[Event "BCF-chT1b 1415 (4NCL)"]
[Site "England"]
[Date "2015.03.28"]
[Round "7.176"]
[White "Karayiannis, Costas"]
[Black "Murphy, Hugh"]
[Result "1-0"]
[WhiteElo "2161"]
[BlackElo "2167"]
[PlyCount "89"]
[EventDate "2014.11.15"]
[EventType "team-swiss"]
[EventRounds "11"]
[EventCountry "ENG"]
[SourceTitle "EXT 2016"]
[Source "ChessBase"]
[SourceDate "2015.10.08"]
[SourceVersion "1"]
[SourceVersionDate "2015.10.08"]
[SourceQuality "1"]
[WhiteTeam "Cambridge"]
[BlackTeam "Grantham Sharks"]
[WhiteTeamCountry "ENG"]
[BlackTeamCountry "ENG"]

1. d4 d5 2. c4 e6 3. Nc3 Be7 4. cxd5 exd5 5. Bf4 c6 6. e3 Bd6 7. Bxd6 Qxd6 8. Bd3 Nf6 9. Nge2 0-0 10. Ng3 Re8 11. 0-0 Ng4 12. Re1 Qf6 13. Qc2 Qh4 14. h3 Nxe3 15. Qd2 Be6 16. Rxe3 Nd7 17. Rae1 g6 18. Bb1 Nb6 19. b3 Nc8 20. Rf3 Kg7 21. Qf4 Qe7 22. Bf5 gxf5 23. Nxf5+ Bxf5 24. Rxe7 Nxe7 25. Re3 Bg6 26. g4 Ng8 27. h4 Rxe3 28. fxe3 Re8 29. h5 Bd3 30. Kf2 Re6 31. Ke1 h6 32. Kd2 Bh7 33. a4 Nf6 34. a5 a6 35. b4 Ne8 36. g5 hxg5 37. Qxg5+ Kf8 38. Na4 Nd6 39. Nc5 Ne4+ 40. Nxe4 Bxe4 41. Qd8+ Kg7 42. Qc7 Rf6 43. Qe5 Bh7 44. Qg5+ Bg6 45. h6+ 1-0

[Event "BCF-chTb 1112 (4NCL)"]
[Site "England"]
[Date "2012.03.31"]
[Round "7.47"]
[White "Pein, Malcolm"]
[Black "Karayiannis, Costas"]
[Result "1/2-1/2"]
[WhiteElo "2382"]
[BlackElo "2162"]
[PlyCount "133"]
[EventDate "2011.11.12"]
[EventType "team-tourn"]
[EventRounds "7"]
[EventCountry "ENG"]
[SourceTitle "EXT 2013"]
[Source "ChessBase"]
[SourceDate "2012.11.22"]
[SourceVersion "1"]
[SourceVersionDate "2012.11.22"]
[SourceQuality "1"]
[WhiteTeam "Wood Green Hilsmark II"]
[BlackTeam "Cambridge"]
[WhiteTeamCountry "ENG"]
[BlackTeamCountry "ENG"]

1. d4 e6 2. c4 Nf6 3. Nc3 d5 4. Bg5 Be7 5. e3 h6 6. Bh4 0-0 7. Nf3 b6 8. Rb1 Bb7 9. Bxf6 Bxf6 10. cxd5 exd5 11. b4 Re8 12. Qb3 c6 13. Be2 Qd6 14. 0-0 Nd7 15. Rfd1 a5 16. bxa5 Rxa5 17. a4 Ba6 18. Bxa6 Rxa6 19. Re1 Qb8 20. Rbc1 Qa8 21. g3 g6 22. Re2 Bg7 23. Rec2 Rd8 24. Ne1 c5 25. Nf3 c4 26. Qb5 Ra5 27. Qb1 Kh7 28. Rb2 Qc6 29. Qc2 Rda8 30. h4 Bf8 31. Rcb1 Ba3 32. Ra2 Bd6 33. h5 Kg7 34. Nh4 Be7 35. Ng2 Bd6 36. Rab2 Bc7 37. Rb5 Rxb5 38. Rxb5 Ra5 39. hxg6 fxg6 40. e4 dxe4 41. d5 Qf6 42. Rxa5 bxa5 43. Qxe4 Be5 44. Ne2 Nb6 45. Ne3 c3 46. Ng4 Qf5 47. Qxe5+ Qxe5 48. Nxe5 Nxa4 49. Nc4 c2 50. Nxa5 Nc3 51. Nc1 Nxd5 52. Nc6 Kf6 53. Nd4 Nb4 54. Kf1 Ke5 55. Nf3+ Ke4 56. Ke2 g5 57. Nd2+ Kf5 58. Ke3 h5 59. Nf3 h4 60. gxh4 gxh4 61. Nxh4+ Kg4 62. Ng2 Nd5+ 63. Ke2 Nc3+ 64. Kf1 Nd1 65. f4 Ne3+ 66. Nxe3+ Kxf4 67. Nxc2 1/2-1/2

[Event "Southend op-A"]
[Site "Southend"]
[Date "2006.04.15"]
[Round "3"]
[White "Hickman, John"]
[Black "Karayiannis, Costas"]
[Result "0-1"]
[WhiteElo "2060"]
[BlackElo "2168"]
[PlyCount "102"]
[EventDate "2006.04.14"]
[EventType "swiss"]
[EventRounds "7"]
[EventCountry "ENG"]
[SourceTitle "EXT 2007"]
[Source "ChessBase"]
[SourceDate "2006.11.23"]
[SourceVersion "1"]
[SourceVersionDate "2006.11.23"]
[SourceQuality "1"]

1. e4 e6 2. d3 d5 3. Nd2 Nf6 4. Ngf3 Bc5 5. e5 Nfd7 6. c3 b6 7. d4 Be7 8. b4 c5 9. a3 c4 10. Be2 b5 11. Nf1 Nb6 12. h4 h6 13. g4 Nc6 14. Bf4 Kd7 15. Ng3 Kc7 16. Qc1 a5 17. Nh5 axb4 18. axb4 Rxa1 19. Qxa1 Qf8 20. g5 hxg5 21. Nxg5 Na4 22. Kf1 Kb7 23. Ng3 Bd7 24. Bh5 f6 25. exf6 gxf6 26. Nf3 Qg7 27. Rg1 Qh7 28. Bg4 Qd3+ 29. Ne2 Rg8 30. Ne1 Qh7 31. h5 Rxg4 32. Rxg4 e5 33. Rg3 exf4 34. Nxf4 Bd6 35. Neg2 Ne7 36. Qc1 Kc6 37. Kg1 Nb2 38. Re3 Nf5 39. Re2 Na4 40. Kf1 Nb6 41. Ra2 Qh6 42. Qd2 Nh4 43. Ra6 Qg5 44. Qe3 Nxg2 45. Nxg2 Qxh5 46. f4 Bf5 47. Kf2 Be4 48. Qg3 Qd1 49. Ra2 Na4 50. Re2 Bxg2 51. Qxg2 Nxc3 0-1

[Event "BCF-chT2 0102 (4NCL)"]
[Site "Birmingham"]
[Date "2002.03.24"]
[Round "8.4"]
[White "De Coverly, Roger D"]
[Black "Karayiannis, Costas"]
[Result "0-1"]
[WhiteElo "2106"]
[BlackElo "2157"]
[PlyCount "130"]
[EventDate "2001.09.22"]
[EventType "team"]
[EventRounds "11"]
[EventCountry "ENG"]
[SourceTitle "EXT 2003"]
[Source "ChessBase"]
[SourceDate "2002.11.25"]
[SourceVersion "1"]
[SourceVersionDate "2002.11.25"]
[SourceQuality "1"]
[WhiteTeam "Slough II"]
[BlackTeam "Barbican III"]
[WhiteTeamCountry "ENG"]
[BlackTeamCountry "ENG"]

1. d4 Nf6 2. Bg5 d5 3. Bxf6 exf6 4. e3 c6 5. c4 Bb4+ 6. Nc3 dxc4 7. Bxc4 0-0 8. Nge2 Qe7 9. 0-0 Nd7 10. a3 Bd6 11. Ba2 f5 12. d5 Ne5 13. Nd4 Qh4 14. f4 Ng4 15. Nf3 Qe7 16. Re1 Bc5 17. Qd3 Re8 18. Nd1 cxd5 19. Rc1 Be6 20. h3 Nf6 21. Bb1 Bb6 22. Nc3 a6 23. Nd4 g6 24. Na4 Ba7 25. b4 Ne4 26. Qe2 Rac8 27. Bxe4 dxe4 28. Nxe6 Qxe6 29. Nc5 Bxc5 30. bxc5 Red8 31. Qc4 Rd3 32. Qxe6 fxe6 33. a4 Kf7 34. Rc4 e5 35. fxe5 Ke6 36. Rb1 Rc7 37. Rcb4 Rxe3 38. Kf2 Rc3 39. Rxb7 R7xc5 40. Rxh7 Kxe5 41. Re7+ Kf4 42. Reb7 Rc2+ 43. Kf1 Rc1+ 44. Rxc1 Rxc1+ 45. Ke2 Rc2+ 46. Kf1 g5 47. Rb3 Ra2 48. g3+ Ke5 49. Rb4 Rh2 50. Rb6 Rxh3 51. Kg2 Rh7 52. Rxa6 Rd7 53. Ra8 f4 54. a5 f3+ 55. Kf1 Kd4 56. Rb8 e3 57. Rb1 Kc3 58. Ra1 Kb2 59. Re1 e2+ 60. Kf2 g4 61. Rh1 Ra7 62. Rh5 Re7 63. Rh1 Re6 64. Ke1 Kc2 65. Rh2 Rd6 0-1

[Event "BCF-chT2 0102 (4NCL)"]
[Site "Birmingham"]
[Date "2002.03.23"]
[Round "7.5"]
[White "Rendle, Thomas E"]
[Black "Karayiannis, Costas"]
[Result "1/2-1/2"]
[WhiteElo "2135"]
[BlackElo "2157"]
[PlyCount "51"]
[EventDate "2001.09.22"]
[EventType "team"]
[EventRounds "11"]
[EventCountry "ENG"]
[SourceTitle "EXT 2003"]
[Source "ChessBase"]
[SourceDate "2002.11.25"]
[SourceVersion "1"]
[SourceVersionDate "2002.11.25"]
[SourceQuality "1"]
[WhiteTeam "PYO"]
[BlackTeam "Barbican III"]
[WhiteTeamCountry "ENG"]
[BlackTeamCountry "ENG"]

1. e4 c5 2. Nf3 Nc6 3. Bb5 g6 4. 0-0 Bg7 5. Bxc6 dxc6 6. d3 Nf6 7. Nc3 Nd7 8. Be3 e5 9. a3 Qe7 10. Qb1 0-0 11. b4 b6 12. bxc5 Nxc5 13. Qb4 Re8 14. Bxc5 bxc5 15. Qa4 Qd6 16. Nd2 Qd4 17. Qa5 Be6 18. Nf3 Qd6 19. Rab1 Bf8 20. Rb7 c4 21. Nxe5 cxd3 22. Nxd3 Qd4 23. Nf4 Bc4 24. Rd1 Rxe4 25. g3 Qe5 26. Qxe5 1/2-1/2

[Event "Patras op 3rd"]
[Site "Patras"]
[Date "2001.07.22"]
[Round "5"]
[White "Theodorakopoulos, Georgios"]
[Black "Karayiannis, Costas"]
[Result "1-0"]
[WhiteElo "2108"]
[BlackElo "2157"]
[PlyCount "58"]
[EventDate "2001.07.18"]
[EventType "swiss"]
[EventRounds "9"]
[EventCountry "GRE"]
[SourceTitle "CBM 083 Extra"]
[Source "ChessBase"]
[SourceDate "2001.09.11"]
[SourceVersion "1"]
[SourceVersionDate "2001.09.11"]
[SourceQuality "1"]

1. e4 c5 2. Nc3 e6 3. f4 a6 4. Nf3 Nc6 5. g3 d6 6. Bg2 g6 7. 0-0 Bg7 8. d3 Nge7 9. Be3 Nd4 10. Rb1 0-0 11. Ne2 Nec6 12. c3 Nxf3+ 13. Bxf3 e5 14. f5 Rb8 15. Qd2 Ne7 16. g4 b5 17. Bh6 f6 18. h4 d5 19. Qe3 Qc7 20. Ng3 b4 21. Bxg7 Kxg7 22. exd5 gxf5 23. Nh5+ Kh8 24. Qh6 Ng6 25. gxf5 Bxf5 26. Be4 Bxe4 27. dxe4 bxc3 28. bxc3 Rxb1 29. Rxb1 Nxh4 1-0

[Event "Southend op"]
[Site "London"]
[Date "2000.??.??"]
[Round "6"]
[White "Karayiannis, Costas"]
[Black "Donovan, Nigel"]
[Result "1/2-1/2"]
[WhiteElo "2159"]
[BlackElo "2169"]
[PlyCount "33"]
[EventDate "2000.04.??"]
[EventType "swiss"]
[EventRounds "7"]
[EventCountry "ENG"]
[SourceTitle "EXT 2001"]
[Source "ChessBase"]
[SourceDate "2000.11.22"]
[SourceVersion "1"]
[SourceVersionDate "2000.11.22"]
[SourceQuality "1"]

1. d4 Nf6 2. c4 e6 3. Nc3 Bb4 4. a3 Bxc3+ 5. bxc3 d6 6. e3 0-0 7. Bd3 e5 8. Ne2 Nc6 9. Ng3 Re8 10. 0-0 e4 11. Bb1 Na5 12. f3 exf3 13. Qxf3 Nb3 14. Ra2 Nxc1 15. Rxc1 Ng4 16. e4 Qg5 17. Re1 1/2-1/2

[Event "Southend op"]
[Site "London"]
[Date "2000.??.??"]
[Round "5"]
[White "Spence, David"]
[Black "Karayiannis, Costas"]
[Result "0-1"]
[WhiteElo "2160"]
[BlackElo "2159"]
[PlyCount "44"]
[EventDate "2000.04.??"]
[EventType "swiss"]
[EventRounds "7"]
[EventCountry "ENG"]
[SourceTitle "EXT 2001"]
[Source "ChessBase"]
[SourceDate "2000.11.22"]
[SourceVersion "1"]
[SourceVersionDate "2000.11.22"]
[SourceQuality "1"]

1. e4 c5 2. c3 e5 3. Nf3 Nc6 4. Bc4 Qc7 5. 0-0 Nf6 6. d3 Be7 7. Nbd2 0-0 8. Re1 h6 9. Nf1 d6 10. Ne3 Re8 11. a4 Bf8 12. b3 g6 13. Bb2 Bg7 14. Rc1 a6 15. Qc2 Rb8 16. Qb1 b5 17. axb5 axb5 18. Nd5 Nxd5 19. Bxd5 Ne7 20. d4 Nxd5 21. exd5 Bf5 22. Rc2 cxd4 0-1